Cursos monogràfics d'alts estudis i d'intercanvi : organitzats per l'Institut de Ciències i el Consell d'Investigació Pedagógica sota els auspicis de la Diputació de Barcelona : Semestre de Primavera de ... organitzats per l'Institut de Ciències i el Consell d'Investigació Pedagógica sota els auspicis de la Diputació de Barcelona :
Descripción Física:
Díptics ; 24 cm
MARC
| LEADER | 00000nam a2200000Ia 4500 | ||
|---|---|---|---|
| 001 | 15861, 21452, 16153, 18708, 18709, 22118, 22119, 22120 | ||
| 003 | BGR | ||
| 005 | 20260410113700.0 | ||
| 008 | 160829s1915 - 1917] xx 000 0 cat d | ||
| 080 | |a RF-13-1, RF-13-13, RF-13-18, RF-3-29, RF-3-53, RF-15-62, RF-15-63, RF-15-64 | ||
| 245 | |a Cursos monogràfics d'alts estudis i d'intercanvi : |b organitzats per l'Institut de Ciències i el Consell d'Investigació Pedagógica sota els auspicis de la Diputació de Barcelona : |b Semestre de Primavera de ... | ||
| 260 | |a [Barcelona : |b La Neotipia, |c 1915 - 1917] | ||
| 300 | |a Díptics ; |c 24 cm | ||
| 590 | |a El subtítol varia al 1916 i 1917: Organisats per l'Institut d'Estudis Catalans i el Consell de Pedagogia sota els auspicis de la Diputació de Barcelona. | ||
| 590 | |a El subtítol varia al 1918: Organizats per la Direcció d'Instrucció Pública de la Mancomunitat, l'Institut d'Estudis Catalans i el Consell de Pedagogia de la Diputació de Barcelona. | ||
| 590 | |a El súbtítol de 1921, 1922 i 1923: de la Mancomunitat de Catalunya. | ||
| 590 | |a El fulletó de 1905 prové de 2888, exp. 8 ; el fulletó de 1916 prové de 3274, exp. 1 ; el fulletó de 1917 prové de 2887, exp. 1, i hi ha un duplicat a: DUP-186-95 ; els fulletons de 1918 i 1919 provenen de 2886, exp. 5 ; els fulletons de 1921, 1922 i 1923 provenen de 3732, exp. 2 | ||
| 650 | |a Institut de Ciències |x Currículums |9 47880 | ||
| 650 | |a Barcelona. Diputació. Consell d'Investigació Pedagògica |x Currículums |9 47881 | ||
| 650 | |a Institut d'Estudis Catalans |x Currículums |9 47882 | ||
| 710 | 2 | |a Institut d'Estudis Catalans |9 52284 | |
| 710 | 2 | |a Institut de Ciències |9 71112 | |
| 710 | 2 | |a Catalunya. |b Mancomunitat |9 53015 | |
| 710 | 1 | |a Barcelona (Catalunya : Província). |b Consell d'Investigació Pedagògica |9 54948 | |
| 856 | 4 | |u https://media.diba.cat/diba/fitxers/arxiu/fulletons/bib_22120_1923_baixa.pdf |y Any 1923 | |
| 856 | 4 | |u https://media.diba.cat/diba/fitxers/arxiu/fulletons/bib_22119_1922_baixa.pdf |y Any 1922 | |
| 856 | 4 | |u https://media.diba.cat/diba/fitxers/arxiu/fulletons/bib_22118_1921-1922_baixa.pdf |y Anys 1911-1922 | |
| 856 | 4 | |u https://media.diba.cat/diba/fitxers/arxiu/fulletons/bib_21452_1916_baixa.pdf |y Any 1926 | |
| 856 | 4 | |u https://media.diba.cat/diba/fitxers/arxiu/fulletons/bib_18709_1919_baixa.pdf |y Any 1919 | |
| 856 | 4 | |u https://media.diba.cat/diba/fitxers/arxiu/fulletons/bib_18708_1918_baixa.pdf |y Any 1918 | |
| 856 | 4 | |u https://media.diba.cat/diba/fitxers/arxiu/fulletons/bib_16153_1917_baixa.pdf |y Any 1917 | |
| 856 | 4 | |u https://media.diba.cat/diba/fitxers/arxiu/fulletons/bib_15861_1905_baixa.pdf |y Any 1915 | |
| 856 | 4 | |u https://media.diba.cat/diba/fitxers/arxiu/fulletons/bib_22120_1923_baixa.pdf |y Any 1923 | |
| 856 | 4 | |u https://media.diba.cat/diba/fitxers/arxiu/fulletons/bib_22119_1922_baixa.pdf |y Any 1922 | |
| 856 | 4 | |u https://media.diba.cat/diba/fitxers/arxiu/fulletons/bib_22118_1921-1922_baixa.pdf |y Anys 1911-1922 | |
| 856 | 4 | |u https://media.diba.cat/diba/fitxers/arxiu/fulletons/bib_21452_1916_baixa.pdf |y Any 1926 | |
| 856 | 4 | |u https://media.diba.cat/diba/fitxers/arxiu/fulletons/bib_18709_1919_baixa.pdf |y Any 1919 | |
| 856 | 4 | |u https://media.diba.cat/diba/fitxers/arxiu/fulletons/bib_18708_1918_baixa.pdf |y Any 1918 | |
| 856 | 4 | |u https://media.diba.cat/diba/fitxers/arxiu/fulletons/bib_16153_1917_baixa.pdf |y Any 1917 | |
| 856 | 4 | |u https://media.diba.cat/diba/fitxers/arxiu/fulletons/bib_15861_1905_baixa.pdf |y Any 1915 | |
| 866 | |a 1905, 1916, 1917, 1918, 1919, 1921 - 1922, 1922, 1923 | ||
| 900 | |a bib_15861_1905_baixa.pdf | ||
| 900 | |a bib_16153_1917_baixa.pdf | ||
| 900 | |a bib_18708_1918_baixa.pdf | ||
| 900 | |a bib_18709_1919_baixa.pdf | ||
| 900 | |a bib_21452_1916_baixa.pdf | ||
| 900 | |a bib_22118_1921-1922_baixa.pdf | ||
| 900 | |a bib_22119_1922_baixa.pdf | ||
| 900 | |a bib_22120_1923_baixa.pdf | ||
| 901 | |a Arxiu | ||
| 942 | |n 1 |2 udc |c MON | ||
| 952 | |0 0 |1 0 |4 0 |6 RF131_RF1313_RF1318_RF329_RF353_RF1562_RF1563_RF1564 |7 1 |9 54172 |a Arxiu |b Arxiu |d 2016-12-01 |l 0 |o RF-13-1, RF-13-13, RF-13-18, RF-3-29, RF-3-53, RF-15-62, RF-15-63, RF-15-64 |p 15861, 21452, 16153, |r 2016-12-01 00:00:00 |w 2016-12-01 |y ARXIU | ||
| 999 | |c 58041 |d 58041 | ||